000
00204 a2200109 4500
020
_a
9789502408071
041
_a
spa
100
_a
Moses, Brian
245
_a
Que me Importa
942
_c
BK
952
_7
1
999
_c
16791
_d
16791